| 000 | 01622nam a2200385 i 4500 | ||
|---|---|---|---|
| 001 | 192984 | ||
| 003 | SpMaBN | ||
| 005 | 20240526062943.0 | ||
| 007 | ta | ||
| 008 | 230714e2021 sp a | |||| 000 0dspa | ||
| 017 |
_aV 3866-2021 _bOficina Depósito Legal Valencia |
||
| 020 | _a9788411137089 | ||
| 035 | _aa7067864 | ||
| 040 |
_bspa _cES-MaACL _erda |
||
| 080 | _a347.965.8(460.271)(091) | ||
| 100 | 1 |
_aPradas Poveda, José Manuel _9233728 _eaut |
|
| 245 | 1 | 3 |
_aLa huella de la toga / _cJosé Manuel Pradas Poveda ; presentación, José María Alonso Puig ; prólogo, Emilio Ramírez Matos |
| 264 | 1 |
_aValencia : _bTirant Lo Blanch, _c2021 |
|
| 300 |
_a222 páginas : _bilustraciones (blanco y negro y color) ; _c25 cm |
||
| 336 |
_aTexto _2rdacontent |
||
| 337 |
_asin mediación _2rdamedia |
||
| 338 |
_avolumen _2rdacarrier |
||
| 500 | _aEn portada: "Ilustre Colegio de Abogados de Madrid, Biblioteca del Ilustre Colegio de Abogados de Madrid" | ||
| 500 | _aÍndice | ||
| 530 | _aDisponible en línea mediante la aplicación Nube de lectura; con clave de acceso | ||
| 610 | 2 | 4 |
_aColegio de Abogados de Madrid- _vHistoria _2embne _92892 |
| 650 | 7 |
_aAbogados- _zEspaña- _vHistoria _9167645 |
|
| 700 | 1 |
_9236668 _aAlonso Puig, José María _eaui |
|
| 700 | 1 |
_9236669 _aRamírez Matos, Emilio _eaui |
|
| 852 |
_aES-MaACL _bR.153297 _cDEPOJ _gDedicatoria autógrafa del autor _hDonación: José Manuel Pradas Poveda _jN-8499 _xCartoné _9200287 |
||
| 903 |
_9233728 _aPradas Poveda, José Manuel _ednr |
||
| 942 |
_n0 _cMONOGRAFIA |
||
| 999 |
_c192984 _d192984 |
||